[Event "CAN-ch U20"]
[Site "Toronto CAN"]
[Date "2019.08.11"]
[Round "7.5"]
[White "Zhang, Henry"]
[Black "Kang, Dorian"]
[Result "1-0"]
[WhiteElo "2245"]
[BlackElo "2206"]
[PlyCount "67"]
[EventDate "2019.08.08"]
[EventType "swiss"]
[EventRounds "8"]
[EventCountry "CAN"]

1. e4 c5 2. Nf3 d6 3. d4 cxd4 4. Qxd4 a6 5. h3 Nc6 6. Qe3 g6 7. c4 Bd7 8. Be2
Bg7 9. O-O Nf6 10. Nc3 O-O 11. Rd1 Qa5 12. Rb1 Be6 13. a3 Qc5 14. Qxc5 dxc5 15.
Be3 b6 16. b4 cxb4 17. axb4 Rab8 18. Ng5 h6 19. Nxe6 fxe6 20. b5 axb5 21. cxb5
Na5 22. e5 Nh5 23. Bxh5 Bxe5 24. Bxh6 Rf7 25. Bg4 Bxc3 26. Bxe6 Kh7 27. Bxf7
Kxh6 28. Rd7 Rb7 29. Rbd1 Kg7 30. Ba2 Kf6 31. g3 Bb4 32. Bb1 Rxd7 33. Rxd7 Nc4
34. Rd4 1-0

[Event "CAN-ch U20"]
[Site "Toronto CAN"]
[Date "2019.08.11"]
[Round "7.6"]
[White "Rusonik, Max"]
[Black "Gao, Raymond"]
[Result "1/2-1/2"]
[WhiteElo "2179"]
[BlackElo "2154"]
[PlyCount "122"]
[EventDate "2019.08.08"]
[EventType "swiss"]
[EventRounds "8"]
[EventCountry "CAN"]

1. e4 c5 2. Nf3 d6 3. d4 cxd4 4. Nxd4 Nf6 5. Nc3 a6 6. Bg5 Nbd7 7. Qe2 h6 8.
Bh4 g6 9. O-O-O Qc7 10. f4 e5 11. Nf3 b5 12. Bxf6 Nxf6 13. Nd5 Nxd5 14. exd5
Bg7 15. fxe5 dxe5 16. d6 Qc5 17. Qe4 Qa7 18. d7+ Bxd7 19. Nxe5 Bf5 20. Qc6+ Kf8
21. Nd7+ Bxd7 22. Qxd7 Qxd7 23. Rxd7 Bf6 24. c4 Kg7 25. cxb5 axb5 26. Kb1 Rhd8
27. Bxb5 Rab8 28. Rxd8 Rxd8 29. Re1 Rd2 30. Re2 Rxe2 31. Bxe2 Be5 32. h3 Kf6
33. a4 Bd6 34. Bc4 Ke7 35. Kc2 f6 36. a5 Bb4 37. a6 Bc5 38. Kb3 Kd6 39. Bf7 g5
40. Kc4 Ba7 41. Kb5 Bg1 42. Bg6 Bf2 43. Kb4 Bg1 44. Bf5 Bf2 45. Kb5 Bg1 46. Bg4
Bf2 47. b4 Bg1 48. Be2 Bf2 49. Bd3 Bg1 50. Bf1 Bf2 51. Bc4 Bg1 52. Be2 Bf2 53.
Bc4 Bg1 54. a7 Bxa7 55. Ka6 Be3 56. Kb7 Ke5 57. Kc6 Kf4 58. Bd5 Kg3 59. b5 g4
60. Be6 h5 61. hxg4 hxg4 1/2-1/2

[Event "CAN-ch U20"]
[Site "Toronto CAN"]
[Date "2019.08.11"]
[Round "7.7"]
[White "Tanaka, Tyler"]
[Black "Zhao, Jeffrey R"]
[Result "1-0"]
[WhiteElo "2239"]
[BlackElo "2131"]
[PlyCount "51"]
[EventDate "2019.08.08"]
[EventType "swiss"]
[EventRounds "8"]
[EventCountry "CAN"]

1. e4 c5 2. Nf3 d6 3. Nc3 a6 4. g3 b5 5. Bg2 Bb7 6. d4 cxd4 7. Nxd4 Nf6 8. O-O
e6 9. Re1 Qc7 10. Qe2 Nbd7 11. Bg5 Be7 12. Nd5 Nxd5 13. exd5 e5 14. Bxe7 Kxe7
15. Nc6+ Bxc6 16. dxc6 Nb8 17. c4 Nxc6 18. cxb5 axb5 19. Rac1 Ra6 20. Qxb5 Rb6
21. Rxc6 Rxb5 22. Rxc7+ Ke6 23. b3 Rhb8 24. Rd1 d5 25. Rc6+ Kd7 26. Ra6 1-0

[Event "CAN-ch U20"]
[Site "Toronto CAN"]
[Date "2019.08.11"]
[Round "7.8"]
[White "Demchenko, Svitlana"]
[Black "Zhao, Harry"]
[Result "1/2-1/2"]
[WhiteElo "2288"]
[BlackElo "2159"]
[PlyCount "34"]
[EventDate "2019.08.08"]
[EventType "swiss"]
[EventRounds "8"]
[EventCountry "CAN"]

1. d4 e6 2. Nf3 Nf6 3. c4 d5 4. e3 c5 5. Nc3 Nc6 6. Be2 Be7 7. O-O O-O 8. b3
cxd4 9. exd4 b6 10. Bb2 Bb7 11. Rc1 Rc8 12. Re1 Qd6 13. cxd5 Nxd5 14. Nxd5 Qxd5
15. Bc4 Qh5 16. Ne5 Qxd1 17. Rcxd1 Nxe5 1/2-1/2

[Event "CAN-ch U20"]
[Site "Toronto CAN"]
[Date "2019.08.11"]
[Round "7.9"]
[White "Ahmed, Syed Ibrahim"]
[Black "Joseph Benher, Savio"]
[Result "1/2-1/2"]
[WhiteElo "2085"]
[BlackElo "2044"]
[PlyCount "184"]
[EventDate "2019.08.08"]
[EventType "swiss"]
[EventRounds "8"]
[EventCountry "CAN"]

1. d4 Nf6 2. c4 e6 3. g3 Bb4+ 4. Bd2 Be7 5. Bg2 d5 6. Nf3 O-O 7. Qc2 c6 8. O-O
Nbd7 9. Na3 b6 10. Rac1 Bxa3 11. bxa3 Ba6 12. cxd5 cxd5 13. Bb4 Re8 14. Rfe1
Qb8 15. Bd2 Rc8 16. Qb2 Qb7 17. Qb4 Rxc1 18. Bxc1 Rc8 19. Bf4 Rc2 20. Nd2 Qc8
21. e4 Bb7 22. e5 Ne8 23. Bf1 Ba6 24. Bxa6 Qxa6 25. Qe7 Qc8 26. Nf3 Nb8 27.
Qxa7 Nd7 28. Kg2 h6 29. Rb1 g5 30. Be3 f5 31. Ne1 Rc7 32. Qa4 Ng7 33. Nd3 Rc4
34. Qb5 f4 35. gxf4 g4 36. Rc1 Nf5 37. Rxc4 dxc4 38. Nb4 Qb7+ 39. Qc6 Qxc6+ 40.
Nxc6 b5 41. Nb4 Nb6 42. h3 h5 43. hxg4 hxg4 44. Nc2 Nd5 45. Kf1 g3 46. Bc1 gxf2
47. Kxf2 Kf7 48. Kf3 Ke7 49. Bd2 c3 50. Be1 Kd7 51. Ke4 Kc7 52. Kd3 Nxf4+ 53.
Kxc3 Ne2+ 54. Kd3 Nf4+ 55. Ke4 Nd5 56. Nb4 Nxb4 57. Bxb4 Ng3+ 58. Kd3 Nf5 59.
Bc5 Kc6 60. Ke4 Ng3+ 61. Kd3 Kd5 62. Ba7 Ne4 63. Bb6 Ng3 64. Kc3 Nf5 65. Kb4
Kc6 66. Bc5 Ne3 67. a4 Nd5+ 68. Ka5 bxa4 69. Kxa4 Nc7 70. Kb4 Nd5+ 71. Kc4 Kb7
72. a4 Ka6 73. Bb4 Kb6 74. a5+ Kc6 75. Bc5 Nc7 76. Bb6 Nd5 77. Bd8 Kd7 78. Bg5
Kc6 79. a6 Kb6 80. a7 Kxa7 81. Kc5 Kb7 82. Kd6 Nc7 83. Kd7 Nb5 84. Be3 Nc7 85.
Bg5 Nb5 86. d5 exd5 87. e6 Nc7 88. e7 d4 89. Bh4 d3 90. Bg5 d2 91. Bxd2 Nd5 92.
e8=Q Nf6+ 1/2-1/2

[Event "CAN-ch U20"]
[Site "Toronto CAN"]
[Date "2019.08.11"]
[Round "7.10"]
[White "Xu, Daniel"]
[Black "Zheng, Kevin"]
[Result "0-1"]
[WhiteElo "2092"]
[BlackElo "2081"]
[PlyCount "54"]
[EventDate "2019.08.08"]
[EventType "swiss"]
[EventRounds "8"]
[EventCountry "CAN"]

1. d4 Nf6 2. c4 g6 3. Nc3 d5 4. Nf3 Bg7 5. Qb3 dxc4 6. Qxc4 c6 7. e4 Be6 8. Qc5
Nbd7 9. Qg5 h6 10. Qg3 Nh5 11. Qh4 Bf6 12. Ng5 hxg5 13. Bxg5 Qa5 14. Bxf6 Ndxf6
15. d5 cxd5 16. Bb5+ Kf8 17. O-O-O dxe4 18. g4 Bxg4 19. Rd4 Bf3 20. Rg1 Kg7 21.
Bc4 Rac8 22. Kb1 b5 23. Qg5 Qb6 24. Bxf7 Kxf7 25. Qxg6+ Kf8 26. Rd2 Rxc3 27.
bxc3 e3 0-1

[Event "CAN-ch U20"]
[Site "Toronto CAN"]
[Date "2019.08.11"]
[Round "8.1"]
[White "Graif, William"]
[Black "Li, William"]
[Result "0-1"]
[WhiteElo "2167"]
[BlackElo "2292"]
[PlyCount "94"]
[EventDate "2019.08.08"]
[EventType "swiss"]
[EventRounds "8"]
[EventCountry "CAN"]

1. e4 c5 2. Nc3 Nc6 3. Bb5 Nd4 4. Nf3 a6 5. Bd3 g6 6. b4 Bg7 7. bxc5 Qa5 8. Rb1
Ne6 9. Nd5 Nf6 10. Nb6 Rb8 11. Nc4 Qc7 12. e5 Nd5 13. Bb2 O-O 14. Be4 Ndf4 15.
d4 Nxg2+ 16. Kf1 Ngf4 17. Bc3 d5 18. exd6 exd6 19. Ba5 Qd7 20. Nxd6 Nxc5 21.
dxc5 Qh3+ 22. Ke1 Bg4 23. Rb3 Rbe8 24. Kd2 Bh6 25. Kc1 Rxe4 26. Nxe4 Bxf3 27.
Rxf3 Ne2+ 28. Kb1 Qxf3 29. Re1 Qxe4 30. Qxe2 Qc6 31. Qc4 Bg7 32. Bc3 Bxc3 33.
Qxc3 b6 34. Re5 bxc5 35. Rxc5 Rb8+ 36. Kc1 Qh1+ 37. Kd2 Rd8+ 38. Ke3 Qxh2 39.
Qe5 Qh3+ 40. f3 Qf1 41. Rc7 Qc1+ 42. Kf2 Rd2+ 43. Kg3 Qg1+ 44. Kh3 Qh1+ 45. Kg4
Rg2+ 46. Kf4 Qh2+ 47. Ke4 Re2+ 0-1

[Event "CAN-ch U20"]
[Site "Toronto CAN"]
[Date "2019.08.11"]
[Round "8.3"]
[White "Ning, Eric"]
[Black "Rodrigue-Lemieux, Shawn"]
[Result "0-1"]
[WhiteElo "2084"]
[BlackElo "2331"]
[PlyCount "80"]
[EventDate "2019.08.08"]
[EventType "swiss"]
[EventRounds "8"]
[EventCountry "CAN"]

1. d4 Nf6 2. Nf3 e6 3. c4 d5 4. g3 Be7 5. Bg2 O-O 6. O-O c6 7. Nc3 Nbd7 8. Nd2
b6 9. e4 Bb7 10. e5 Ne8 11. cxd5 cxd5 12. f4 b5 13. Nf3 Qb6 14. Be3 a5 15. Qe1
f5 16. exf6 Nexf6 17. Ne5 Rae8 18. h3 Qa6 19. Rf3 b4 20. Bf1 Qa8 21. Nb5 Qd8
22. Bd3 Nxe5 23. fxe5 Ne4 24. Qe2 Rxf3 25. Qxf3 Rf8 26. Qg2 Bg5 27. Bf4 Bxf4
28. gxf4 Rxf4 29. Bxe4 dxe4 30. Nd6 Bd5 31. Rc1 Qe7 32. Rc8+ Rf8 33. Rxf8+ Qxf8
34. Qg3 Bxa2 35. Nxe4 Kh8 36. Nd6 Bd5 37. h4 a4 38. h5 b3 39. Qc3 h6 40. Qd3
Qf5 0-1

[Event "CAN-ch U20"]
[Site "Toronto CAN"]
[Date "2019.08.11"]
[Round "8.4"]
[White "Zhang, Henry"]
[Black "Issani, Nameer"]
[Result "1-0"]
[WhiteElo "2245"]
[BlackElo "2257"]
[PlyCount "89"]
[EventDate "2019.08.08"]
[EventType "swiss"]
[EventRounds "8"]
[EventCountry "CAN"]

1. e4 e5 2. Nf3 Nc6 3. d4 exd4 4. Nxd4 Nf6 5. Nxc6 bxc6 6. e5 Qe7 7. Qe2 Nd5 8.
c4 Nb6 9. Nc3 d6 10. exd6 cxd6 11. b3 g6 12. Bb2 Bg7 13. O-O-O Qxe2 14. Bxe2
Bh6+ 15. Kc2 Bf5+ 16. Bd3 O-O-O 17. Ne4 Bxe4 18. Bxe4 Rhe8 19. Bxc6 Re2+ 20.
Kb1 Rxf2 21. Bd4 Rd2 22. Bf6 Rg8 23. Rxd2 Bxd2 24. Rd1 Bb4 25. Kb2 Kc7 26. Bb5
Ra8 27. a3 a6 28. axb4 axb5 29. c5 dxc5 30. Be5+ Kb7 31. bxc5 Re8 32. Bf4 Nc8
33. Rd7+ Kc6 34. Rc7+ Kd5 35. Kc3 Re4 36. Bg5 h6 37. Bf6 Re6 38. Rxc8 Rxf6 39.
Kb4 Rf2 40. Kxb5 Rxg2 41. Rd8+ Ke4 42. c6 Rc2 43. b4 f5 44. Kb6 f4 45. c7 1-0

[Event "CAN-ch U20"]
[Site "Toronto CAN"]
[Date "2019.08.11"]
[Round "8.5"]
[White "Rusonik, Max"]
[Black "Tanaka, Tyler"]
[Result "1/2-1/2"]
[WhiteElo "2179"]
[BlackElo "2239"]
[PlyCount "68"]
[EventDate "2019.08.08"]
[EventType "swiss"]
[EventRounds "8"]
[EventCountry "CAN"]

1. e4 c5 2. Nf3 d6 3. d4 Nf6 4. Nc3 cxd4 5. Nxd4 g6 6. f3 Bg7 7. Be3 a6 8. Qd2
h5 9. Bc4 b5 10. Bb3 Bb7 11. a4 b4 12. Nd5 Nxd5 13. Bxd5 Bxd5 14. exd5 a5 15.
O-O Nd7 16. f4 Nb6 17. Nc6 Qc7 18. Bd4 Nc4 19. Qf2 Bxd4 20. Qxd4 Qb6 21. Rad1
Kd7 22. Rfe1 Rhe8 23. b3 Qxd4+ 24. Nxd4 Nb6 25. Nf3 Rac8 26. Rd2 Rc5 27. Red1
Rec8 28. Ne1 Rc3 29. Kf2 Rg8 30. Nf3 Rgc8 31. Ne1 f6 32. h4 R3c5 33. Rd4 Rc3
34. R1d2 R8c5 1/2-1/2

[Event "CAN-ch U20"]
[Site "Toronto CAN"]
[Date "2019.08.11"]
[Round "8.6"]
[White "Kang, Dorian"]
[Black "Huang, Youhe"]
[Result "1-0"]
[WhiteElo "2206"]
[BlackElo "2126"]
[PlyCount "85"]
[EventDate "2019.08.08"]
[EventType "swiss"]
[EventRounds "8"]
[EventCountry "CAN"]

1. e4 Nf6 2. e5 Nd5 3. c4 Nb6 4. d4 d6 5. exd6 cxd6 6. Nc3 g6 7. Be3 Bg7 8. Rc1
O-O 9. b3 e5 10. dxe5 dxe5 11. c5 N6d7 12. Nf3 Nc6 13. Bc4 h6 14. Qd6 g5 15. h4
g4 16. Nd2 Nd4 17. Bd3 b6 18. b4 a5 19. Nd5 axb4 20. cxb6 Nf6 21. Ne7+ Kh8 22.
Qxd8 Rxd8 23. Bxd4 Rxd4 24. Rxc8+ Rxc8 25. Nxc8 Rxd3 26. b7 Nd7 27. Ke2 Rc3 28.
Rb1 Bf8 29. Nb6 Nb8 30. Nd5 Ra3 31. Rc1 Bd6 32. Rc8+ Kg7 33. Rd8 b3 34. axb3
Nc6 35. Rxd6 Nd4+ 36. Kd3 Nxb3 37. b8=Q Nd4+ 38. Nc3 Nf5 39. Rd7 e4+ 40. Ndxe4
Kg6 41. Qg8+ Kh5 42. Nf6+ Kxh4 43. Qxg4# 1-0

[Event "CAN-ch U20"]
[Site "Toronto CAN"]
[Date "2019.08.11"]
[Round "8.7"]
[White "Gao, Raymond"]
[Black "Zhao, Harry"]
[Result "0-1"]
[WhiteElo "2154"]
[BlackElo "2159"]
[PlyCount "110"]
[EventDate "2019.08.08"]
[EventType "swiss"]
[EventRounds "8"]
[EventCountry "CAN"]

1. e4 e6 2. d4 d5 3. Nd2 Nf6 4. e5 Nfd7 5. f4 c5 6. c3 Nc6 7. Ndf3 Qb6 8. g3
cxd4 9. cxd4 Bb4+ 10. Kf2 g5 11. Ne2 g4 12. Ne1 f6 13. Kg2 fxe5 14. fxe5 O-O
15. Nd3 Ndxe5 16. dxe5 Nxe5 17. Nef4 Qd4 18. Qe2 Bd6 19. Qe3 Qxe3 20. Bxe3 b6
21. Nxe5 Bxe5 22. Nd3 d4 23. Kg1 dxe3 24. Nxe5 Bb7 25. Nxg4 Bxh1 26. Kxh1 Rad8
27. Bc4 Rd2 28. Bxe6+ Kh8 29. Nxe3 Re2 30. Bc4 Rxe3 31. Kg2 Rc8 32. Bb3 Re2+
33. Kf3 Rxh2 34. Re1 Rxb2 35. Re7 a5 36. Rb7 Rc6 37. Bd5 Rc5 38. Be4 h5 39. a4
Rb4 40. Bg6 Rxa4 41. Rxb6 Kg7 42. Be8 Rf5+ 43. Kg2 Ra2+ 44. Kh3 a4 45. g4 Rf3+
46. Kh4 hxg4 47. Kxg4 Rf1 48. Ra6 a3 49. Bb5 Rf6 50. Ra7+ Kf8 51. Bc4 Ra1 52.
Kg5 Rf2 53. Kg4 Ke8 54. Bb3 Kd8 55. Be6 Rf6 0-1

[Event "CAN-ch U20"]
[Site "Toronto CAN"]
[Date "2019.08.11"]
[Round "8.8"]
[White "Joseph Benher, Savio"]
[Black "Demchenko, Svitlana"]
[Result "0-1"]
[WhiteElo "2044"]
[BlackElo "2288"]
[PlyCount "54"]
[EventDate "2019.08.08"]
[EventType "swiss"]
[EventRounds "8"]
[EventCountry "CAN"]

1. e4 c5 2. Nf3 e6 3. d4 cxd4 4. Nxd4 Nc6 5. Nc3 Qc7 6. g3 a6 7. Bg2 Nf6 8. O-O
Be7 9. Re1 d6 10. Nxc6 bxc6 11. Na4 O-O 12. c4 Bb7 13. Nc3 Nd7 14. Be3 c5 15.
Qe2 Bf6 16. Rad1 Rfd8 17. g4 Nb6 18. f4 Bxc3 19. bxc3 a5 20. e5 Bxg2 21. exd6
Rxd6 22. Kxg2 Rad8 23. Rb1 Rd3 24. Rb5 Nxc4 25. Qf3 Nxe3+ 26. Rxe3 Rxe3 27.
Qxe3 Qc6+ 0-1

[Event "CAN-ch U20"]
[Site "Toronto CAN"]
[Date "2019.08.11"]
[Round "8.9"]
[White "Zheng, Kevin"]
[Black "Zhao, Jeffrey R"]
[Result "1-0"]
[WhiteElo "2081"]
[BlackElo "2131"]
[PlyCount "91"]
[EventDate "2019.08.08"]
[EventType "swiss"]
[EventRounds "8"]
[EventCountry "CAN"]

1. d4 Nf6 2. c4 g6 3. Nc3 Bg7 4. Bf4 O-O 5. e3 d6 6. Nf3 Nbd7 7. Be2 c6 8. O-O
Qe8 9. h3 e5 10. Bh2 e4 11. Nd2 Qe7 12. Qc2 Re8 13. b4 Nf8 14. b5 h5 15. a4 Bf5
16. Rab1 N8h7 17. a5 a6 18. bxc6 bxc6 19. Rb6 Qd7 20. Rfb1 Ng5 21. Rb7 Qe6 22.
h4 Ngh7 23. R1b6 Ng4 24. Bxg4 hxg4 25. Rxc6 Rad8 26. Nd5 Bxd4 27. Qb3 Be5 28.
Rxa6 Bxh2+ 29. Kxh2 Qe5+ 30. g3 Bc8 31. Raa7 Bxb7 32. Rxb7 Nf6 33. Nc7 Qxa5 34.
Nxe8 Rxe8 35. Nb1 Rc8 36. c5 d5 37. Qb6 Qxb6 38. cxb6 Ne8 39. Na3 Kg7 40. Nb5
Kf6 41. Nd4 Nd6 42. Rd7 Ke5 43. b7 Nxb7 44. Rxb7 f5 45. Rb6 Re8 46. Rxg6 1-0

[Event "CAN-ch U20"]
[Site "Toronto CAN"]
[Date "2019.08.11"]
[Round "8.10"]
[White "Lazarev, Shon"]
[Black "Ahmed, Syed Ibrahim"]
[Result "0-1"]
[WhiteElo "1619"]
[BlackElo "2085"]
[PlyCount "120"]
[EventDate "2019.08.08"]
[EventType "swiss"]
[EventRounds "8"]
[EventCountry "CAN"]

1. d4 d5 2. c4 dxc4 3. Nf3 Nf6 4. e3 Bg4 5. Bxc4 e6 6. O-O Nbd7 7. Nc3 Bb4 8.
a3 Bxc3 9. bxc3 c5 10. h3 Bh5 11. Be2 O-O 12. c4 Rc8 13. Qb3 Qc7 14. Bb2 b6 15.
Rac1 Ne4 16. Rfd1 Ndf6 17. Qa2 Rfd8 18. Ba1 cxd4 19. Nxd4 Bxe2 20. Qxe2 a6 21.
Nb3 Rxd1+ 22. Qxd1 Rd8 23. Qe2 Qd6 24. Bxf6 Nxf6 25. c5 bxc5 26. Rxc5 Ne4 27.
Ra5 Qb6 28. Qc2 Nd2 29. Rxa6 Qxa6 30. Nxd2 Qe2 31. Qc7 Qxd2 32. a4 Qd1+ 33. Kh2
Qd6+ 34. Qxd6 Rxd6 35. a5 f5 36. Kg3 Kf7 37. Kf4 Kf6 38. e4 e5+ 39. Ke3 fxe4
40. Kxe4 Ra6 41. f4 exf4 42. Kxf4 Rxa5 43. g4 Ra4+ 44. Kg3 g5 45. h4 h5 46.
hxg5+ Kxg5 47. gxh5 Ra3+ 48. Kg2 Kxh5 49. Kf2 Kg4 50. Ke2 Kf4 51. Kd2 Ke4 52.
Kc2 Kd4 53. Kb2 Rg3 54. Kc2 Rh3 55. Kd2 Rh2+ 56. Kc1 Ke3 57. Kd1 Rg2 58. Kc1
Kd3 59. Kb1 Kc3 60. Kc1 Rg1# 0-1

[Event "CAN-ch U20 U1800"]
[Site "Toronto CAN"]
[Date "2019.08.08"]
[Round "1.22"]
[White "Lin, Ethan"]
[Black "Srinivas, Atharva"]
[Result "0-1"]
[WhiteElo "1448"]
[BlackElo "1720"]
[PlyCount "76"]
[EventDate "2019.08.08"]
[EventType "swiss"]
[EventRounds "8"]
[EventCountry "CAN"]

1. e4 e5 2. Nf3 Nc6 3. Bc4 Bc5 4. b4 Bxb4 5. c3 Ba5 6. d4 exd4 7. O-O d6 8. Qb3
Qe7 9. Re1 Nf6 10. e5 dxe5 11. Ba3 Qd7 12. Nxe5 Nxe5 13. Rxe5+ Kd8 14. Be7+
Qxe7 15. Rxe7 Kxe7 16. Qa3+ Kd7 17. Qxa5 Re8 18. Nd2 b6 19. Qa4+ c6 20. Bxf7
Re7 21. Qxd4+ Kc7 22. Bb3 Ba6 23. Nc4 Rae8 24. h3 Re4 25. Qd6+ Kb7 26. Ne3 R4e7
27. Rd1 Rd7 28. Qxd7+ Nxd7 29. Rxd7+ Kb8 30. Rxg7 h5 31. f4 Rxe3 32. f5 Re1+
33. Kh2 Rf1 34. Rf7 Bd3 35. Be6 Be4 36. g4 h4 37. Rf8+ Kc7 38. Rf7+ Kd6 0-1

[Event "CAN-ch U20 U1800"]
[Site "Toronto CAN"]
[Date "2019.08.08"]
[Round "1.23"]
[White "Uthayakumar, Ronan"]
[Black "Khan, Riley"]
[Result "1-0"]
[WhiteElo "1704"]
[BlackElo "1445"]
[PlyCount "73"]
[EventDate "2019.08.08"]
[EventType "swiss"]
[EventRounds "8"]
[EventCountry "CAN"]

1. e4 c5 2. Nf3 e6 3. d4 cxd4 4. Nxd4 Nf6 5. e5 Qa5+ 6. Nc3 Qxe5+ 7. Be2 Nc6 8.
Nf3 Qa5 9. O-O Be7 10. Bf4 a6 11. h3 O-O 12. Qd2 d5 13. Ne5 Nxe5 14. Bxe5 Nd7
15. Bh2 Bf6 16. Rfd1 Qd8 17. Rab1 b5 18. a4 b4 19. Na2 a5 20. c3 b3 21. Nc1 Nc5
22. Qe3 Qb6 23. Nxb3 Qxb3 24. Qxc5 Bd7 25. Bb5 Rfc8 26. Qb6 Bd8 27. Qb7 Bxb5
28. axb5 Qc4 29. Bd6 Bc7 30. b3 Rab8 31. Qxc8+ Rxc8 32. bxc4 Bxd6 33. cxd5 Be5
34. d6 Rd8 35. b6 Kf8 36. b7 Bxd6 37. Rxd6 1-0

[Event "CAN-ch U20 U1800"]
[Site "Toronto CAN"]
[Date "2019.08.08"]
[Round "1.24"]
[White "Jeyakumar, Yathushan"]
[Black "Jeyakumar, Bhavatharshan"]
[Result "0-1"]
[WhiteElo "1442"]
[BlackElo "1657"]
[PlyCount "122"]
[EventDate "2019.08.08"]
[EventType "swiss"]
[EventRounds "8"]
[EventCountry "CAN"]

1. e4 c5 2. c3 d6 3. d4 cxd4 4. cxd4 Nf6 5. Nc3 g6 6. Nf3 Bg7 7. Be3 O-O 8. Be2
Nc6 9. O-O d5 10. e5 Ne4 11. Qc2 Bf5 12. Bd3 Nb4 13. Qd1 Nxc3 14. bxc3 Nxd3 15.
Nh4 Nb2 16. Qb3 Nc4 17. Nxf5 gxf5 18. Rae1 Qd7 19. f4 Kh8 20. Rf3 Rac8 21. Rh3
Rc6 22. Qd1 Rg8 23. Bf2 Rg6 24. Bh4 Bh6 25. Bg3 Qb5 26. Qd3 e6 27. Qf3 Nd2 28.
Qh5 Ne4 29. Re3 Nxg3 30. hxg3 Qb1+ 31. Kh2 Qxa2 32. Qh4 a5 33. Rf3 a4 34. Qe7
Qb2 35. Qb4 a3 36. Qxb2 axb2 37. Rf1 Bxf4 38. gxf4 Rxg2+ 39. Kh1 Rg1+ 40. Rxg1
Rxg1+ 41. Kxg1 b1=Q+ 42. Kf2 Qc2+ 43. Kg1 Qd1+ 44. Kf2 Qg4 45. Rf3 h5 46. Ke3
h4 47. Rf1 h3 48. Rh1 Qg2 49. Rxh3+ Qxh3+ 50. Kd2 Qf3 51. Kc2 Qxf4 52. Kb3 Qe4
53. Kb4 f4 54. Kb5 f3 55. Kb6 f2 56. Kxb7 f1=Q 57. Kc7 Qh4 58. Kd7 Qb5+ 59. Kc8
Qc6+ 60. Kb8 Qd8+ 61. Ka7 Qda8# 0-1

[Event "CAN-ch U20 U1800"]
[Site "Toronto CAN"]
[Date "2019.08.08"]
[Round "1.25"]
[White "Wang, Rachel"]
[Black "Prasanna, Shreyas"]
[Result "0-1"]
[WhiteElo "1646"]
[BlackElo "1412"]
[PlyCount "124"]
[EventDate "2019.08.08"]
[EventType "swiss"]
[EventRounds "8"]
[EventCountry "CAN"]

1. d4 Nf6 2. c4 g6 3. Nc3 Bg7 4. e4 d6 5. Nf3 O-O 6. Be2 e5 7. O-O Nc6 8. d5
Ne7 9. Ne1 c5 10. dxc6 bxc6 11. Be3 Ne8 12. f3 f5 13. Qd2 Be6 14. Rd1 Qc7 15.
b3 f4 16. Bf2 g5 17. Nd3 a5 18. Na4 Rb8 19. c5 d5 20. exd5 cxd5 21. Ndb2 e4 22.
fxe4 dxe4 23. Be1 Nc6 24. Bc4 Bxc4 25. Nxc4 Rd8 26. Qc2 e3 27. Nab6 Nd4 28.
Rxd4 Bxd4 29. Qe2 Qxc5 30. Bxa5 Nf6 31. Na4 Qe7 32. Bxd8 Rxd8 33. Rd1 Ne4 34.
Kf1 Nf2 35. Re1 Qb4 36. Qh5 Qe7 37. Qe2 Qg7 38. g3 Qh6 39. Qf3 g4 40. Qxf4 Qh3+
41. Kg1 Qh5 42. Qc7 Nh3+ 43. Kf1 Qf5+ 44. Ke2 Qf2+ 45. Kd3 Bf6+ 46. Qxd8+ Bxd8
47. Rxe3 Qf5+ 48. Kd2 Bg5 49. Kc3 Bxe3 50. Nxe3 Qf2 51. Nxg4 Qxa2 52. Kb4 Qe2
53. Nf6+ Kg7 54. Nxh7 Kxh7 55. Ka5 Ng5 56. b4 Qd2 57. Nc5 Nf7 58. Ne4 Qd5+ 59.
Nc5 Nd6 60. Kb6 Qc4 61. Na6 Qb5+ 62. Ka7 Qb7# 0-1

[Event "CAN-ch U20 U1800"]
[Site "Toronto CAN"]
[Date "2019.08.08"]
[Round "1.26"]
[White "Yang, Lefan"]
[Black "Darvekar, Yash"]
[Result "0-1"]
[WhiteElo "1394"]
[BlackElo "1628"]
[PlyCount "84"]
[EventDate "2019.08.08"]
[EventType "swiss"]
[EventRounds "8"]
[EventCountry "CAN"]

1. d4 d5 2. Nf3 Nf6 3. e3 Bf5 4. b3 g6 5. Bb2 Bg7 6. Nbd2 c6 7. c4 Na6 8. a3 c5
9. cxd5 Qxd5 10. Bc4 Qd6 11. dxc5 Nxc5 12. Bb5+ Bd7 13. Bxd7+ Qxd7 14. Ne5 Nd3+
15. Nxd3 Qxd3 16. Nc4 Qxd1+ 17. Rxd1 O-O 18. O-O Rfd8 19. f3 b5 20. Ne5 Nd5 21.
Rfe1 Rd6 22. Bd4 Rad8 23. Ng4 Nxe3 24. Rxe3 Bxd4 25. Rxd4 Rxd4 26. Rxe7 Rd3 27.
Nh6+ Kg7 28. Nxf7 R8d7 29. Rxd7 Rxd7 30. Ne5 Rd1+ 31. Kf2 Ra1 32. Nc6 Rxa3 33.
b4 a6 34. Kg3 Rc3 35. Nb8 a5 36. bxa5 b4 37. a6 Ra3 38. Nc6 b3 39. a7 b2 40.
a8=Q Rxa8 41. Nd4 b1=Q 42. Ne6+ Kf6 0-1

[Event "CAN-ch U20 U1800"]
[Site "Toronto CAN"]
[Date "2019.08.08"]
[Round "1.27"]
[White "Gao, Lucy"]
[Black "Kaleem, Shayaan"]
[Result "1-0"]
[WhiteElo "1628"]
[BlackElo "1387"]
[PlyCount "57"]
[EventDate "2019.08.08"]
[EventType "swiss"]
[EventRounds "8"]
[EventCountry "CAN"]

1. e4 c5 2. Nf3 d6 3. Bb5+ Nc6 4. O-O a6 5. Bxc6+ bxc6 6. c3 e6 7. Qe2 Nf6 8.
Rd1 Be7 9. d4 d5 10. e5 Nd7 11. Be3 Qc7 12. Nbd2 O-O 13. Ng5 h6 14. Nh3 cxd4
15. cxd4 Qd8 16. Qg4 Kh7 17. Qh5 f6 18. Nf4 Nb6 19. Qg6+ Kg8 20. Nh5 Rf7 21.
Bxh6 Qf8 22. Rac1 Kh8 23. Bxg7+ Rxg7 24. Nxg7 Qxg7 25. Qe8+ Kh7 26. Rc3 Bd7 27.
Rh3+ Qh6 28. Qf7+ Kh8 29. Rxh6# 1-0

[Event "CAN-ch U20 U1800"]
[Site "Toronto CAN"]
[Date "2019.08.08"]
[Round "1.28"]
[White "Yang, Larry"]
[Black "Petrovic, Milos"]
[Result "0-1"]
[WhiteElo "1378"]
[BlackElo "1610"]
[PlyCount "132"]
[EventDate "2019.08.08"]
[EventType "swiss"]
[EventRounds "8"]
[EventCountry "CAN"]

1. e4 e6 2. d4 d5 3. e5 c5 4. c3 Nc6 5. Nf3 Qb6 6. Bd3 Bd7 7. Bc2 Rc8 8. O-O
Nh6 9. b3 cxd4 10. cxd4 Nb4 11. Na3 Nxc2 12. Nxc2 Nf5 13. Ne3 Bb4 14. Nxf5 exf5
15. Bd2 O-O 16. Qe1 Ba3 17. Qe3 Rc2 18. Ne1 Rc7 19. Nd3 Rfc8 20. Nf4 Be6 21.
Nh5 Bd7 22. Rab1 Rc2 23. Nf4 Qc6 24. Rbd1 Rxa2 25. Ne2 Qc2 26. Nc3 Rb2 27. Nxd5
Be6 28. Ne7+ Bxe7 29. d5 Rxb3 30. Qxa7 Bc5 31. Qa5 Ra3 32. Qb5 Bxd5 33. Rc1
Qxd2 34. Rxc5 Bc6 35. Rfc1 Raa8 36. Qc4 Qg5 37. f3 Qe3+ 38. Kh1 Rc7 39. Qf1 Rd8
40. R1c3 Qd2 41. Rc1 Rcd7 42. h3 Qe3 43. R5c2 Rd2 44. Re1 Qxe1 45. Qxe1 Rd1 46.
Rc1 Rxe1+ 47. Rxe1 b5 48. Kh2 b4 49. Rb1 Rb8 50. Kg3 b3 51. Rb2 g5 52. h4 h6
53. hxg5 hxg5 54. Kf2 Kf8 55. Ke3 Ke7 56. Kd3 Ke6 57. Kd4 Rb5 58. Kd3 Kxe5 59.
Ke3 f4+ 60. Kf2 Bd5 61. Ke2 Ra5 62. Kd3 Ra2 63. Rb1 Rxg2 64. Re1+ Kf5 65. Kd4
Bxf3 66. Rb1 b2 0-1

[Event "CAN-ch U20 U1800"]
[Site "Toronto CAN"]
[Date "2019.08.08"]
[Round "1.29"]
[White "Stoica, Savas Marin"]
[Black "Zhong, April Yunwei"]
[Result "1-0"]
[WhiteElo "1605"]
[BlackElo "1376"]
[PlyCount "67"]
[EventDate "2019.08.08"]
[EventType "swiss"]
[EventRounds "8"]
[EventCountry "CAN"]

1. e4 c5 2. Nf3 d6 3. d4 cxd4 4. Nxd4 Nf6 5. Nc3 a6 6. Bg5 e6 7. f4 Be7 8. Qf3
Nbd7 9. O-O-O Qc7 10. g4 b5 11. Bxf6 Bxf6 12. g5 Be7 13. f5 Bxg5+ 14. Kb1 Nf6
15. fxe6 fxe6 16. h4 Bh6 17. Nxe6 Qc6 18. Nd4 Qb7 19. Nf5 Bxf5 20. Qxf5 Qe7 21.
Nd5 Qxe4 22. Nxf6+ gxf6 23. Qxe4+ Kf7 24. Bh3 Rae8 25. Qb7+ Re7 26. Be6+ Kf8
27. Qb8+ Re8 28. Qxd6+ Kg7 29. Rhg1+ Bg5 30. hxg5 Rhf8 31. gxf6+ Kh8 32. Qg3
Rg8 33. Qg7+ Rxg7 34. fxg7# 1-0